| 000 | 01352cam a22003374a 4500 | ||
|---|---|---|---|
| 001 | 17021499 | ||
| 005 | 20170105102917.0 | ||
| 008 | 111026s2012 cou b 000 0 eng | ||
| 010 | _a 2011043095 | ||
| 020 | _a9781612050836 (hardcover : alk. paper) | ||
| 020 | _a1612050832 (hardcover : alk. paper) | ||
| 035 | _a(OCoLC)ocn714715843 | ||
| 040 |
_aDLC _beng _cDLC _dYDX _dBTCTA _dYDXCP _dDLC |
||
| 042 | _apcc | ||
| 043 | _ama----- | ||
| 050 | 0 | 0 |
_aJQ1850.A91 _bK475 2012 |
| 082 | 0 | 0 |
_a956.05/4 _223 |
| 100 | 1 | _aKhosrokhavar, Farhad. | |
| 245 | 1 | 4 |
_aThe new Arab revolutions that shook the world / _cFarhad Khosrokhavar. |
| 260 |
_aBoulder, CO : _bParadigm Publishers, _cc2012. |
||
| 300 |
_axi, 351 p. ; _c24 cm. |
||
| 504 | _aIncludes bibliographical references. | ||
| 650 | 0 |
_aDemocratization _zArab countries _xHistory _y21st century. |
|
| 650 | 0 |
_aProtest movements _zArab countries _xHistory _y21st century. |
|
| 650 | 0 |
_aYouth protest movements _zArab countries _xHistory _y21st century. |
|
| 650 | 0 |
_aPolitical participation _zArab countries _xHistory _y21st century. |
|
| 650 | 0 |
_aYouth _xPolitical activity _zArab countries _xHistory _y21st century. |
|
| 906 |
_a7 _bcbc _corignew _d1 _eecip _f20 _gy-gencatlg |
||
| 942 |
_2ddc _cBK |
||
| 999 |
_c15402 _d15402 |
||